[Event "Titled Tuesday intern op 25th Oct Early"]
[Site "Chess.com INT"]
[Date "2022.10.25"]
[Round "4"]
[White "Salgado Lopez, Ivan"]
[Black "Aizpurua, Patrick Emilio"]
[Result "1-0"]
[WhiteElo "2591"]
[BlackElo "2302"]
[PlyCount "77"]
[EventDate "2022.10.25"]
[EventType "swiss (blitz)"]
[EventRounds "11"]
[EventCountry "USA"]
[SourceTitle "EXT 2024"]
[Source "ChessBase"]
[SourceDate "2023.10.10"]
[SourceVersion "1"]
[SourceVersionDate "2023.10.10"]
[SourceQuality "1"]

1. d4 Nf6 2. Bg5 d5 3. e3 Bf5 4. Nd2 e6 5. Ngf3 Be7 6. c4 c6 7. Qb3 Nbd7 8. Be2 Qb6 9. c5 Qc7 10. Qc3 h6 11. Bf4 Qc8 12. h3 0-0 13. 0-0 Ne4 14. Nxe4 Bxe4 15. Ne5 Re8 16. b4 Nxe5 17. Bxe5 f6 18. Bg3 Bd8 19. Bh5 g6 20. Be2 Bc7 21. Bxc7 Qxc7 22. a4 e5 23. b5 exd4 24. Qxd4 Qe5 25. Rfd1 Qg5 26. Bf1 Bf5 27. Kh1 Re4 28. Qd2 Rae8 29. a5 R4e6 30. a6 bxa6 31. bxc6 Rxc6 32. Qxd5+ Rce6 33. Rxa6 Kf8 34. Rxe6 Bxe6 35. Qd6+ Kf7 36. c6 Qa5 37. Rb1 Re7 38. Rb7 Rxb7 39. cxb7 1-0

[Event "Titled Tuesday intern op 25th Oct Early"]
[Site "Chess.com INT"]
[Date "2022.10.25"]
[Round "3"]
[White "Sokolovsky, Yahli"]
[Black "Salgado Lopez, Ivan"]
[Result "1-0"]
[WhiteElo "2416"]
[BlackElo "2591"]
[PlyCount "57"]
[EventDate "2022.10.25"]
[EventType "swiss (blitz)"]
[EventRounds "11"]
[EventCountry "USA"]
[SourceTitle "EXT 2024"]
[Source "ChessBase"]
[SourceDate "2023.10.10"]
[SourceVersion "1"]
[SourceVersionDate "2023.10.10"]
[SourceQuality "1"]

1. b3 d5 2. Bb2 e6 3. e3 Nf6 4. Nf3 Be7 5. d4 0-0 6. Bd3 b6 7. 0-0 Bb7 8. Ne5 c5 9. Nd2 Nc6 10. f4 a5 11. Rf3 a4 12. Rh3 g6 13. dxc5 bxc5 14. Ng4 a3 15. Be5 Nxe5 16. fxe5 Nd7 17. Qf3 Qc7 18. Qf4 f5 19. Rxh7 g5 20. Qg3 Kxh7 21. Qh3+ Kg8 22. Qh6 Rf7 23. Qg6+ Kf8 24. Rf1 Qc6 25. Bxf5 d4 26. Be4 Rxf1+ 27. Kxf1 Qc7 28. Nh6 Nxe5 29. Qg8# 1-0

[Event "Santiago de Compostela Bicapawn GP Rap"]
[Site "Santiago de Compostela"]
[Date "2022.10.22"]
[Round "2"]
[White "Salgado Lopez, Ivan"]
[Black "Guerrero Mendez, Luis"]
[Result "1-0"]
[WhiteElo "2591"]
[BlackElo "2032"]
[PlyCount "87"]
[EventDate "2022.10.22"]
[EventType "swiss (rapid)"]
[EventRounds "9"]
[EventCountry "ESP"]
[SourceTitle "CBM 210 Extra"]
[Source "ChessBase"]
[SourceDate "2022.11.30"]
[SourceVersion "1"]
[SourceVersionDate "2022.11.30"]
[SourceQuality "1"]

1. d4 e6 2. Nf3 Nf6 3. Bg5 b6 4. e3 Bb7 5. Bd3 h6 6. Bh4 Be7 7. Nbd2 d6 8. h3 Nbd7 9. c3 e5 10. Qc2 c5 11. dxe5 Nxe5 12. Nxe5 dxe5 13. Bxf6 gxf6 14. Be4 Qd7 15. 0-0-0 Bxe4 16. Qxe4 Rc8 17. Nf3 Qc6 18. Rd5 0-0 19. Nh4 Rfd8 20. Nf5 Bf8 21. Nxh6+ Kg7 22. Nf5+ Kh8 23. Rhd1 Rxd5 24. Rxd5 b5 25. Qh4+ Kg8 26. Qg4+ Kh8 27. Rd6 Qe8 28. Rxf6 Rc6 29. Qh5+ Kg8 30. Ne7+ Bxe7 31. Qg5+ Kh7 32. Qh6+ Kg8 33. Rxc6 f6 34. Ra6 Qd7 35. Qg6+ Kf8 36. Rxf6+ Bxf6 37. Qxf6+ Kg8 38. Qg6+ Kf8 39. Qe4 b4 40. cxb4 Qa4 41. a3 a5 42. Qf5+ Kg8 43. Qc8+ Kf7 44. Qxc5 1-0